The post-colonial state in Asia : (Record no. 2707)

000 -LEADER
fixed length control field 01100cam a2200277 a 4500
001 - CONTROL NUMBER
control field 1551634
003 - CONTROL NUMBER IDENTIFIER
control field OSt
005 - DATE AND TIME OF LATEST TRANSACTION
control field 20180117085947.0
008 - FIXED-LENGTH DATA ELEMENTS--GENERAL INFORMATION
fixed length control field 910815s1990 nyu b 000 0 eng
010 ## - LIBRARY OF CONGRESS CONTROL NUMBER
LC control number 91183524
020 ## - INTERNATIONAL STANDARD BOOK NUMBER
International Standard Book Number 0745008453
040 ## - CATALOGING SOURCE
Original cataloging agency DLC
Transcribing agency DLC
Modifying agency DLC
043 ## - GEOGRAPHIC AREA CODE
Geographic area code a------
-- as-----
050 00 - LIBRARY OF CONGRESS CALL NUMBER
Classification number DS341
Item number .P68 1990
245 04 - TITLE STATEMENT
Title The post-colonial state in Asia :
Remainder of title dialectics of politics and culture /
Statement of responsibility, etc. edited by Subrata Kumar Mitra.
260 ## - PUBLICATION, DISTRIBUTION, ETC.
Place of publication, distribution, etc. New York :
Name of publisher, distributor, etc. Harvester Wheatsheaf,
Date of publication, distribution, etc. 1990.
300 ## - PHYSICAL DESCRIPTION
Extent xi, 257 p. ;
Dimensions 23 cm.
504 ## - BIBLIOGRAPHY, ETC. NOTE
Bibliography, etc. note Includes bibliographical references and index.
651 #0 - SUBJECT ADDED ENTRY--GEOGRAPHIC NAME
Geographic name South Asia
General subdivision Politics and government.
651 #0 - SUBJECT ADDED ENTRY--GEOGRAPHIC NAME
Geographic name Southeast Asia
General subdivision Politics and government
Chronological subdivision 1945-
700 1# - ADDED ENTRY--PERSONAL NAME
Personal name Mitra, Subrata Kumar,
Dates associated with a name 1949-
906 ## - LOCAL DATA ELEMENT F, LDF (RLIN)
a 7
b cbc
c orignew
d 2
e ncip
f 19
g y-gencatlg
942 ## - ADDED ENTRY ELEMENTS (KOHA)
Source of classification or shelving scheme
Koha item type Book
Holdings
Withdrawn status Lost status Source of classification or shelving scheme Damaged status Not for loan Collection code Permanent Location Current Location Shelving location Date acquired Total Checkouts Full call number Barcode Date last seen Price effective from Koha item type
            Central Library (CL) Central Library (CL) General Stacks 03/15/2016   320.9054 MIT S3H-N-522 02/07/2023 03/15/2016 Book
© 2023 Central Library, National University of Sciences and Technology. All Rights Reserved.